| 000 | 00782nam a2200205Ia 4500 | ||
|---|---|---|---|
| 003 | GCL | ||
| 008 | 140319s9999 xx 000 0 ara d | ||
| 020 | _a2006081977 | ||
| 040 |
_aGCL / _cGCL |
||
| 082 | 0 | 4 |
_aق _b962.06 _bع ا |
| 100 | 1 | _aعاطف عبدالغنى | |
| 245 | 1 | 0 |
_aالانقلاب على ثورة يوليو / _cعاطف عبدالغنى |
| 250 | _aالاولى | ||
| 260 |
_aالقاهرة : _bأطلس للنشر والانتاج الاعلامى ، _c2002 |
||
| 300 |
_a208 ص ؛ _c24 سم |
||
| 650 | 0 | 4 | _aمصر - تاريخ - العصر الحديث - جمال عبدالناصر ( 1954-1970 ) |
| 650 | 0 | 4 | _aمصر - تاريخ - الثورات |
| 650 | 0 | 4 | _aمصر - تاريخ - العصر الحديث - ثورة 23 يوليو 1952 |
| 942 |
_2ddc _cBK |
||
| 999 |
_c9349 _d9349 |
||